[Event "Qatar Masters Open 2014"]
[Site "Doha QAT"]
[Date "2014.11.28"]
[Round "3.46"]
[White "Hovhannisyan, Robert"]
[Black "Vazquez, Guillermo"]
[Result "1/2-1/2"]
[WhiteElo "2591"]
[BlackElo "2374"]
[PlyCount "91"]
[EventDate "2014.11.26"]
[EventType "swiss"]
[EventRounds "9"]
[EventCountry "QAT"]
[Source "lmi"]
[SourceDate "2014.11.26"]

1. e4 c5 2. Nf3 e6 3. g3 Nc6 4. Bg2 Nge7 5. O-O g6 6. d4 cxd4 7. Nxd4 Bg7 8.
Nb5 d5 9. exd5 exd5 10. Bf4 O-O 11. N1c3 Be6 12. Nc7 Rc8 13. Nxe6 fxe6 14. Re1
Qd7 15. Ne4 e5 16. Nc5 Qd6 17. Be3 b6 18. Ne4 Qb4 19. Ng5 e4 20. Ne6 Qxb2 21.
Rb1 Qxa2 22. Nxf8 Rxf8 23. h4 Nf5 24. h5 gxh5 25. Qxh5 Ne5 26. Bf4 Ng6 27. Bh3
Nd4 28. Kh1 Kh8 29. Bh6 Bxh6 30. Qxh6 Qa3 31. Qe3 Qxe3 32. fxe3 Nxc2 33. Re2
Na3 34. Ra1 Nc4 35. Rxa7 Rf3 36. Rh2 Nf8 37. Bg2 Rxg3 38. Rh6 Nxe3 39. Rf6 Rg8
40. Bh3 d4 41. Be6 Nxe6 42. Rxe6 Rd8 43. Rxe4 d3 44. Rh4 Kg8 45. Rhxh7 d2 46.
Rhg7+ 1/2-1/2

[Event "Qatar Masters Open 2014"]
[Site "Doha QAT"]
[Date "2014.11.28"]
[Round "3.47"]
[White "Wen, Yang"]
[Black "Vijayalakshmi, Subbaraman"]
[Result "1/2-1/2"]
[WhiteElo "2586"]
[BlackElo "2335"]
[PlyCount "211"]
[EventDate "2014.11.26"]
[EventType "swiss"]
[EventRounds "9"]
[EventCountry "QAT"]
[Source "lmi"]
[SourceDate "2014.11.26"]

1. d4 Nf6 2. Bg5 g6 3. Bxf6 exf6 4. e3 Bg7 5. g3 f5 6. Bg2 d5 7. Ne2 O-O 8. Nd2
c6 9. O-O Be6 10. Rc1 Nd7 11. c4 dxc4 12. Nxc4 Nb6 13. b3 Bd5 14. Nf4 Bxg2 15.
Kxg2 Nd5 16. Nxd5 Qxd5+ 17. Qf3 Rfd8 18. Rc2 Bf8 19. Rb1 Rac8 20. b4 Kg7 21. a3
Rc7 22. Rc3 h5 23. Rbc1 Be7 24. h4 Qxf3+ 25. Kxf3 Rd5 26. Na5 Rcd7 27. Nb3 Kf6
28. Ke2 Kg7 29. Kd3 Bf6 30. Rc5 Be7 31. Rxd5 Rxd5 32. Kc4 Kf8 33. Na5 Rd7 34.
Rd1 Ke8 35. a4 a6 36. Rb1 Bd8 37. Nb3 Be7 38. Nc1 Kd8 39. Nd3 Bd6 40. b5 cxb5+
41. axb5 axb5+ 42. Rxb5 Rc7+ 43. Kb3 Kc8 44. Ra5 Rc6 45. Nb2 Bc7 46. Ra8+ Kd7
47. Na4 Bd6 48. Ra7 Kc7 49. Nc3 Kb8 50. Ra1 Be7 51. Nd5 Bd8 52. Nb4 Rd6 53. Kc4
f4 54. e4 fxg3 55. e5 Rd7 56. fxg3 Be7 57. Nc2 Rc7+ 58. Kd3 b5 59. Rb1 Rb7 60.
d5 Bc5 61. Nd4 b4 62. Rb3 Kc7 63. Kc4 Bxd4 64. Kxd4 Kd8 65. Kc4 Re7 66. Kd4 Rb7
67. Kc5 Re7 68. Rxb4 Rc7+ 69. Kd4 Rc1 70. Rb3 Kd7 71. Rb7+ Ke8 72. Ra7 Rg1 73.
Ra3 Kd7 74. Ke4 Re1+ 75. Kf4 Rf1+ 76. Rf3 Re1 77. Re3 Rf1+ 78. Kg5 Ke7 79. Kh6
Rd1 80. d6+ Ke6 81. Kg7 Rd2 82. Kf8 f6 83. exf6+ Kxf6 84. Rf3+ Ke5 85. Ke7 Rxd6
86. Re3+ Kd4 87. Re6 Rd5 88. Rxg6 Ke4 89. Kf6 Kf3 90. Kg7 Rd8 91. Rg5 Rd6 92.
Kh7 Ra6 93. Rg6 Ra8 94. Rg5 Ra6 95. Kg7 Rb6 96. Kf7 Kg2 97. Rg6 Rb3 98. Kf6 Kh3
99. Rg5 Rb6+ 100. Kg7 Ra6 101. Kf7 Rb6 102. Rg6 Rb3 103. Kf6 Rf3+ 104. Kg5
Rxg3+ 105. Kxh5 Rxg6 106. Kxg6 1/2-1/2

[Event "Qatar Masters Open 2014"]
[Site "Doha QAT"]
[Date "2014.11.28"]
[Round "3.49"]
[White "Indjic, Aleksandar"]
[Black "Gaehwiler, Gabriel"]
[Result "1-0"]
[WhiteElo "2538"]
[BlackElo "2334"]
[PlyCount "125"]
[EventDate "2014.11.26"]
[EventType "swiss"]
[EventRounds "9"]
[EventCountry "QAT"]
[Source "lmi"]
[SourceDate "2014.11.26"]

1. d4 Nf6 2. c4 g6 3. Nc3 Bg7 4. Nf3 O-O 5. h3 d6 6. g4 c5 7. d5 e6 8. Bf4 exd5
9. cxd5 b5 10. Nxb5 Qa5+ 11. Nc3 Nxd5 12. Qxd5 Bxc3+ 13. Nd2 Bd7 14. bxc3 Bc6
15. Qxd6 Bxh1 16. Bh6 Nd7 17. Qxd7 Qxc3 18. Rd1 Rfd8 19. Qc7 Bd5 20. Qg3 Qxg3
21. fxg3 Bxa2 22. Bg5 Re8 23. Bg2 Rab8 24. Ra1 Rb2 25. Bf6 Rb6 26. Bc3 Re3 27.
Rxa2 Rxc3 28. Rxa7 Rc1+ 29. Kf2 c4 30. g5 c3 31. Ne4 h6 32. h4 hxg5 33. hxg5
Rb5 34. Rc7 Rf5+ 35. Bf3 c2 36. Rc8+ Kg7 37. Ke3 Ra5 38. g4 Ra3+ 39. Kd2 Raa1
40. Rxc2 Rxc2+ 41. Kxc2 Ra3 42. Nf6 Re3 43. Kd2 Re5 44. Ne4 Kf8 45. Ke3 Ke7 46.
Kf4 Ke6 47. Nf6 Ra5 48. Bc6 Kd6 49. Bb7 Rb5 50. Ba6 Rb4+ 51. e4 Ra4 52. Bb7 Ra1
53. Bd5 Rf1+ 54. Ke3 Ke7 55. Ng8+ Kd6 56. Nh6 f6 57. gxf6 Rxf6 58. g5 Rf1 59.
Nf7+ Kc5 60. Ne5 Rg1 61. Nf3 Rb1 62. Bf7 Rb6 63. Ne5 1-0

[Event "Qatar Masters Open 2014"]
[Site "Doha QAT"]
[Date "2014.11.28"]
[Round "3.50"]
[White "Basso, Pier Luigi"]
[Black "Donchenko, Alexander"]
[Result "0-1"]
[WhiteElo "2335"]
[BlackElo "2523"]
[PlyCount "124"]
[EventDate "2014.11.26"]
[EventType "swiss"]
[EventRounds "9"]
[EventCountry "QAT"]
[Source "lmi"]
[SourceDate "2014.11.26"]

1. c4 Nf6 2. g3 e6 3. Bg2 d5 4. Nf3 d4 5. O-O c5 6. e3 Nc6 7. exd4 cxd4 8. b3
Bd6 9. Bb2 e5 10. d3 O-O 11. Na3 Re8 12. Nc2 Bf5 13. a3 a6 14. Re1 Rb8 15. b4
b5 16. c5 Bf8 17. Nh4 Bg4 18. Qd2 Qd7 19. f4 Nd5 20. fxe5 a5 21. Re4 Rxe5 22.
Nxd4 Rxe4 23. dxe4 Nc7 24. Qc3 Ne5 25. c6 Qd8 26. h3 Bc8 27. Ndf5 f6 28. Ne3
axb4 29. axb4 Rb6 30. Rd1 Qe8 31. Nd5 Rxc6 32. Qb3 Kh8 33. Ba1 Rc4 34. Nf3
Nxf3+ 35. Qxf3 Nxd5 36. exd5 Rxb4 37. Kh2 Rc4 38. Rd2 Bd7 39. Bb2 h6 40. Re2
Qg6 41. Rd2 Bd6 42. Bf1 Rh4 43. Bd4 Rh5 44. Ra2 Bg4 45. Qf2 Bxh3 46. Bxh3 Qg4
47. Qg2 Qxd4 48. Re2 Qxd5 49. Re8+ Kh7 50. Qxd5 Rxd5 51. Bg2 Rh5+ 52. Kg1 Bxg3
53. Be4+ f5 54. Bd3 b4 55. Re6 Rg5 56. Kh1 Bf4 57. Rb6 Bd2 58. Rb5 Kg6 59. Rb6+
Kh5 60. Be2+ Kh4 61. Rd6 Bc3 62. Bd1 Kg3 0-1

[Event "Qatar Masters Open 2014"]
[Site "Doha QAT"]
[Date "2014.11.28"]
[Round "3.51"]
[White "Belouadah, Saad"]
[Black "Antipov, Mikhail Al"]
[Result "0-1"]
[WhiteElo "2305"]
[BlackElo "2520"]
[PlyCount "84"]
[EventDate "2014.11.26"]
[EventType "swiss"]
[EventRounds "9"]
[EventCountry "QAT"]
[Source "lmi"]
[SourceDate "2014.11.26"]

1. d4 Nf6 2. c4 e6 3. Nc3 Bb4 4. e3 O-O 5. Bd3 c5 6. Nge2 d6 7. O-O Nc6 8. Qc2
Qe7 9. Bd2 Ba5 10. a3 Bd7 11. Rad1 Rfd8 12. Ne4 Bxd2 13. Rxd2 cxd4 14. exd4 h6
15. c5 Nxe4 16. Bxe4 d5 17. Bf3 a5 18. Nc3 Qf6 19. Rfd1 Ne7 20. Qb3 Bc6 21. a4
Rdb8 22. Nb5 b6 23. cxb6 Rxb6 24. Rc1 Nf5 25. Qd3 Bxb5 26. axb5 Rab8 27. Rc5
Nd6 28. Rdc2 g6 29. Qd2 Kg7 30. Qxa5 Nxb5 31. Rc8 Nxd4 32. Qa3 Rb4 33. R2c7
Nxf3+ 34. gxf3 Qxb2 35. Qa7 Rxc8 36. Rxc8 Qe5 37. Qc5 Qg5+ 38. Kf1 Rb1+ 39. Ke2
Qe5+ 40. Qe3 Qb2+ 41. Qd2 Qb5+ 42. Ke3 e5 0-1

[Event "Qatar Masters Open 2014"]
[Site "Doha QAT"]
[Date "2014.11.28"]
[Round "3.52"]
[White "Gomez, John Paul"]
[Black "Abdumalik, Zhansaya"]
[Result "0-1"]
[WhiteElo "2510"]
[BlackElo "2332"]
[PlyCount "104"]
[EventDate "2014.11.26"]
[EventType "swiss"]
[EventRounds "9"]
[EventCountry "QAT"]
[Source "lmi"]
[SourceDate "2014.11.26"]

1. d4 Nf6 2. c4 g6 3. Nc3 d5 4. Nf3 Bg7 5. Qa4+ Bd7 6. Qb3 dxc4 7. Qxc4 O-O 8.
Bf4 c6 9. e4 b5 10. Qb3 c5 11. dxc5 Qa5 12. Bd2 b4 13. Nd5 Nc6 14. Bd3 Be6 15.
Ng5 Bxd5 16. exd5 Ne5 17. Be2 Qxc5 18. Bxb4 Qxd5 19. O-O Nc6 20. Qxd5 Nxd5 21.
Ba3 Rab8 22. Rac1 Ndb4 23. Rfd1 Nd4 24. Bc4 h6 25. Ne4 a5 26. Nc5 Rfc8 27. Na6
Nxa2 28. Ra1 Ra8 29. Bxa2 Rxa6 30. Kf1 e6 31. Rac1 Rac6 32. Rxc6 Rxc6 33. Bb1
Bf6 34. Bd3 Kg7 35. b4 axb4 36. Bxb4 h5 37. g3 Rc8 38. h4 Nc6 39. Bd6 Rd8 40.
Bc7 Rd7 41. Bf4 Nb4 42. Be2 Nd5 43. Bd2 Bd4 44. Bf3 e5 45. Rb1 Nb6 46. Be1 Rc7
47. Be4 Ra7 48. Rc1 Nd7 49. Bd5 Nc5 50. Rb1 Rd7 51. Bc4 Ne4 52. Ke2 Bxf2 0-1

[Event "Qatar Masters Open 2014"]
[Site "Doha QAT"]
[Date "2014.11.28"]
[Round "3.53"]
[White "Foisor, Sabina-Francesca"]
[Black "Al-Sayed, Mohammed"]
[Result "0-1"]
[WhiteElo "2270"]
[BlackElo "2507"]
[PlyCount "78"]
[EventDate "2014.11.26"]
[EventType "swiss"]
[EventRounds "9"]
[EventCountry "QAT"]
[Source "lmi"]
[SourceDate "2014.11.26"]

1. d4 Nf6 2. c4 g6 3. Nc3 Bg7 4. e4 d6 5. Nf3 O-O 6. Be2 e5 7. O-O Nc6 8. d5
Ne7 9. b4 Nh5 10. g3 f5 11. Ng5 Nf6 12. Bf3 Rb8 13. Bg2 h6 14. Ne6 Bxe6 15.
dxe6 fxe4 16. Be3 a6 17. Rc1 Qc8 18. Bh3 Nf5 19. e7 Rf7 20. Nd5 Qd7 21. c5 Nxd5
22. Qxd5 Qxe7 23. Qxe4 Kh7 24. Rfd1 Qf6 25. Bg2 h5 26. cxd6 Nxd6 27. Qd3 Bh6
28. Rc5 Rbf8 29. Bxh6 Qxf2+ 30. Kh1 Kxh6 31. Rxe5 Rf6 32. a3 Nf5 33. Rf1 Qb2
34. Re2 Nxg3+ 35. hxg3 Rxf1+ 36. Bxf1 Qc1 37. Kh2 Rxf1 38. Qe4 c6 39. Qe5 Rh1+
0-1

[Event "Qatar Masters Open 2014"]
[Site "Doha QAT"]
[Date "2014.11.28"]
[Round "3.54"]
[White "Danielian, Elina"]
[Black "Christiansen, Johan-Sebastian"]
[Result "0-1"]
[WhiteElo "2487"]
[BlackElo "2310"]
[PlyCount "70"]
[EventDate "2014.11.26"]
[EventType "swiss"]
[EventRounds "9"]
[EventCountry "QAT"]
[Source "lmi"]
[SourceDate "2014.11.26"]

1. d4 d5 2. Bf4 c5 3. e3 Nf6 4. dxc5 e6 5. b4 a5 6. c3 Bd7 7. Na3 Be7 8. Nb5
O-O 9. Nf3 Ne4 10. Nfd4 axb4 11. cxb4 Bxc5 12. Qb3 Na6 13. a3 Nxb4 14. Bc7 Qf6
15. Qb2 Rfc8 16. f3 Nc2+ 17. Qxc2 Bb4+ 18. Ke2 Bxb5+ 19. Nxb5 Rxc7 20. Nxc7
Qxa1 21. fxe4 Rxa3 22. Kf3 Qf6+ 23. Kg4 Qg6+ 24. Kf3 Rc3 25. Qb1 Qg5 26. Nxd5
exd5 27. Qxb4 Qxe3+ 28. Kg4 g6 29. g3 Qf3+ 30. Kh3 Rc2 31. Qe7 Qxh1 32. Qe8+
Kg7 33. Qe5+ f6 34. Qe7+ Kh6 35. Qf8+ Kg5 0-1

[Event "Qatar Masters Open 2014"]
[Site "Doha QAT"]
[Date "2014.11.28"]
[Round "3.55"]
[White "Tomashevskaya, Lidia"]
[Black "Javakhishvili, Lela"]
[Result "0-1"]
[WhiteElo "2210"]
[BlackElo "2486"]
[PlyCount "102"]
[EventDate "2014.11.26"]
[EventType "swiss"]
[EventRounds "9"]
[EventCountry "QAT"]
[Source "lmi"]
[SourceDate "2014.11.26"]

1. e4 c5 2. Nf3 e6 3. d4 cxd4 4. Nxd4 a6 5. Nc3 b5 6. a3 Bb7 7. Be2 d6 8. f4
Nf6 9. Bf3 Qc7 10. O-O Nbd7 11. Kh1 Rd8 12. Nde2 Be7 13. Qe1 O-O 14. Be3 Rfe8
15. Qg3 Nc5 16. Bd4 g6 17. f5 e5 18. Bxc5 dxc5 19. fxg6 hxg6 20. Nd5 Bxd5 21.
exd5 Bd6 22. Qg5 Qe7 23. Ng3 Nxd5 24. Qh6 Qf8 25. Qxf8+ Bxf8 26. Bxd5 Rxd5 27.
Ne4 Be7 28. g4 Kg7 29. Rf3 f6 30. Raf1 Rf8 31. c3 c4 32. Kg2 Rd3 33. R3f2 Re3
34. Ng3 Bc5 35. Rd2 Rd3 36. Rxd3 cxd3 37. Rd1 Rd8 38. Kf3 Kf7 39. h4 Ke6 40. h5
f5 41. hxg6 e4+ 42. Kg2 e3 43. gxf5+ Kf6 44. Kf3 e2 45. Rh1 Re8 46. Nh5+ Kg5
47. g7 Kxf5 48. Nf4 Re3+ 49. Kg2 e1=Q 50. Rxe1 Rxe1 51. Nxd3 Rg1+ 0-1

[Event "Qatar Masters Open 2014"]
[Site "Doha QAT"]
[Date "2014.11.28"]
[Round "3.56"]
[White "L'Ami, Alina"]
[Black "Bartel, Mateusz"]
[Result "0-1"]
[WhiteElo "2393"]
[BlackElo "2662"]
[PlyCount "94"]
[EventDate "2014.11.26"]
[EventType "swiss"]
[EventRounds "9"]
[EventCountry "QAT"]
[Source "lmi"]
[SourceDate "2014.11.26"]

1. d4 g6 2. c4 Bg7 3. Nc3 d6 4. e4 e5 5. Nge2 exd4 6. Nxd4 Ne7 7. h4 Nbc6 8.
Be3 h5 9. Be2 O-O 10. g4 hxg4 11. h5 Bxd4 12. Bxd4 Nxd4 13. Qxd4 Nc6 14. Qd2 g5
15. O-O-O Be6 16. Nd5 Ne5 17. h6 Bxd5 18. Qxd5 Qf6 19. Qd4 Kh7 20. Kb1 b6 21.
Rdg1 Rg8 22. Qd1 a5 23. Bxg4 Kh8 24. Qc2 a4 25. Bf5 a3 26. b3 Nf3 27. Rg3 Nd4
28. Qc3 Qe5 29. Rh5 f6 30. h7 Rg7 31. Rd3 c5 32. Rh1 Re8 33. Rhd1 Nxf5 34. Qxe5
Rxe5 35. exf5 Rxf5 36. Rxd6 Kxh7 37. R1d2 Rb7 38. Kc2 Kg6 39. Re6 Rh7 40. Ree2
Rh2 41. Kd3 Rf4 42. Kc2 Rf3 43. Kd1 g4 44. Rc2 Kg5 45. Rcd2 f5 46. Rc2 Kh4 47.
Rcd2 Kh3 0-1

[Event "Qatar Masters Open 2014"]
[Site "Doha QAT"]
[Date "2014.11.28"]
[Round "3.57"]
[White "Deac, Bogdan-Daniel"]
[Black "Ghaem Maghami, Ehsan"]
[Result "1/2-1/2"]
[WhiteElo "2385"]
[BlackElo "2559"]
[PlyCount "123"]
[EventDate "2014.11.26"]
[EventType "swiss"]
[EventRounds "9"]
[EventCountry "QAT"]
[Source "lmi"]
[SourceDate "2014.11.26"]

1. e4 c5 2. Nf3 d6 3. d4 cxd4 4. Nxd4 Nf6 5. Nc3 a6 6. h3 e6 7. g4 b5 8. g5
Nfd7 9. h4 Bb7 10. Bg2 Nc6 11. Nce2 Nxd4 12. Nxd4 Be7 13. Qe2 Rc8 14. O-O g6
15. Rd1 Qc7 16. c3 O-O 17. h5 Nc5 18. Nb3 Nd7 19. Nd4 Qc4 20. Qg4 Ne5 21. Qh3
b4 22. hxg6 Nxg6 23. cxb4 d5 24. b3 Qxb4 25. exd5 Rcd8 26. a3 Qd6 27. Bb2 Qe5
28. Qg3 Qxg3 29. fxg3 Bxd5 30. Nf5 Bxg5 31. Bxd5 exd5 32. Re1 Rd7 33. Rad1 Rb8
34. b4 h6 35. Bd4 Kh7 36. Bc5 Rbd8 37. Kg2 Nf8 38. Rh1 Kg6 39. Nh4+ Kh7 40. Nf5
Kg6 41. Nh4+ Bxh4 42. Rxh4 Ne6 43. Rdh1 Rh8 44. Be3 Ng5 45. a4 f6 46. b5 axb5
47. axb5 Re7 48. Kf2 Rhe8 49. Rxh6+ Kf5 50. g4+ Kxg4 51. Rg1+ Kf5 52. Rxf6+
Kxf6 53. Bxg5+ Kf5 54. Bxe7 Rxe7 55. Rb1 d4 56. b6 Rb7 57. Kf3 Ke5 58. Rb5+ Kd6
59. Ke4 Kc6 60. Rb1 Rxb6 61. Rxb6+ Kxb6 62. Kxd4 1/2-1/2

[Event "Qatar Masters Open 2014"]
[Site "Doha QAT"]
[Date "2014.11.28"]
[Round "3.58"]
[White "Halkias, Stelios"]
[Black "Hedman, Erik"]
[Result "1/2-1/2"]
[WhiteElo "2519"]
[BlackElo "2370"]
[PlyCount "153"]
[EventDate "2014.11.26"]
[EventType "swiss"]
[EventRounds "9"]
[EventCountry "QAT"]
[Source "lmi"]
[SourceDate "2014.11.26"]

1. Nf3 c5 2. e4 e6 3. Nc3 Nc6 4. g3 d6 5. Bg2 e5 6. d3 g6 7. O-O Bg7 8. Nd5
Nce7 9. c4 Nxd5 10. cxd5 h5 11. b4 Bg4 12. bxc5 dxc5 13. Qa4+ Qd7 14. Qxd7+
Bxd7 15. Bb2 f6 16. a4 Nh6 17. Nd2 O-O 18. Nc4 b6 19. f4 Nf7 20. Bf3 Rfd8 21.
Be2 Be8 22. f5 Nh6 23. fxg6 Bxg6 24. Ne3 Rac8 25. Bc1 Rc7 26. Bd2 Rf7 27. Ng2
f5 28. Nh4 Kh7 29. Nxg6 Kxg6 30. Bf3 f4 31. gxf4 exf4 32. Rae1 Bd4+ 33. Kh1 Re8
34. Re2 Re5 35. h4 Kh7 36. Rg2 c4 37. dxc4 Ng4 38. Bxg4 hxg4 39. Rxg4 f3 40.
Rf4 Rxf4 41. Bxf4 Rxe4 42. Rxf3 Bc5 43. Bg3 Rxc4 44. Rd3 Rxa4 45. Kg2 Kg6 46.
Kf3 Kh5 47. d6 Rd4 48. Rxd4 Bxd4 49. Ke4 Bf6 50. Kf5 Bd8 51. Ke6 b5 52. Kd7 Bf6
53. Ke6 Bd8 54. Kd7 Bf6 55. Ke6 Bd8 56. Kd5 a5 57. Kc5 b4 58. Kc4 Bf6 59. Kb3
Bd8 60. Ka4 Bf6 61. Bf2 Bd8 62. Be1 Kg4 63. Bf2 Kh5 64. Be1 Kg4 65. Bf2 Kh5 66.
Kb3 Kg4 67. Kc4 Kh5 68. Kb3 Kg4 69. Kc4 Kh5 70. Ba7 Kxh4 71. Bb8 Kg5 72. Bc7
Bf6 73. Bxa5 b3 74. Kxb3 Kf5 75. Kc4 Ke6 76. Kc5 Be7 77. dxe7 1/2-1/2

[Event "Qatar Masters Open 2014"]
[Site "Doha QAT"]
[Date "2014.11.28"]
[Round "3.60"]
[White "Harika, Dronavalli"]
[Black "Gu, Xiaobing"]
[Result "1-0"]
[WhiteElo "2505"]
[BlackElo "2283"]
[PlyCount "79"]
[EventDate "2014.11.26"]
[EventType "swiss"]
[EventRounds "9"]
[EventCountry "QAT"]
[Source "lmi"]
[SourceDate "2014.11.26"]

1. d4 Nf6 2. Nf3 g6 3. Nbd2 Bg7 4. e4 d6 5. Bd3 O-O 6. O-O Re8 7. h3 e5 8. c3
b6 9. Re1 Bb7 10. d5 a5 11. Bb5 Rf8 12. a4 Nh5 13. Nc4 h6 14. b4 f5 15. exf5
axb4 16. cxb4 gxf5 17. Nfxe5 dxe5 18. Qxh5 Qxd5 19. Ne3 Qe4 20. Bb2 Na6 21.
Bc4+ Kh8 22. Rad1 Nxb4 23. Rd7 Qc6 24. Bb5 Qf6 25. Rxc7 Ra7 26. f4 Bf3 27. Qxf3
Rxc7 28. Bxe5 Qf7 29. Bxc7 Qxc7 30. Kh1 Qc3 31. Rd1 Bd4 32. Nc4 Qxf3 33. gxf3
Bc5 34. Ne5 Rg8 35. Bc4 Rg7 36. Be6 Ra7 37. Bxf5 Rxa4 38. Rd8+ Kg7 39. Rd7+ Kf8
40. Rf7+ 1-0

[Event "Qatar Masters Open 2014"]
[Site "Doha QAT"]
[Date "2014.11.28"]
[Round "3.61"]
[White "Gomes, Mary Ann"]
[Black "Chandra, Akshat"]
[Result "1/2-1/2"]
[WhiteElo "2355"]
[BlackElo "2489"]
[PlyCount "119"]
[EventDate "2014.11.26"]
[EventType "swiss"]
[EventRounds "9"]
[EventCountry "QAT"]
[Source "lmi"]
[SourceDate "2014.11.26"]

1. Nf3 Nf6 2. c4 e6 3. g3 d5 4. b3 d4 5. Bg2 c5 6. O-O Nc6 7. d3 Be7 8. e3 O-O
9. exd4 cxd4 10. Re1 Nd7 11. Na3 Bb4 12. Re2 e5 13. Nc2 Bc3 14. Rb1 a5 15. Ng5
Nf6 16. Ne4 Nxe4 17. Bxe4 Qf6 18. Qf1 Bg4 19. f3 Bh5 20. Bd2 Bxd2 21. Rxd2 Rab8
22. b4 b5 23. cxb5 Rxb5 24. a4 Rbb8 25. b5 Ne7 26. f4 Qh6 27. Rf2 f5 28. Bg2
exf4 29. gxf4 Qd6 30. Qc1 Rfc8 31. Qa3 Rc5 32. Re1 Nd5 33. Nxd4 Nb4 34. Ne6 Re8
35. d4 Rcc8 36. d5 Bf7 37. Rfe2 Qb6+ 38. Kh1 Bh5 39. Qb2 Re7 40. Rd2 Rce8 41.
Re5 Bf7 42. Qb3 Rc8 43. Rd1 Rce8 44. Rde1 Qd6 45. Rxf5 Bg6 46. Rg5 Qxf4 47. Rf1
Qd6 48. h4 Bd3 49. Rf3 h6 50. Rgg3 Be4 51. Qc3 Nxd5 52. Rxg7+ Kh8 53. Rxe7+
Nxc3 54. Rxe8+ Kh7 55. Nf8+ Kg7 56. Ne6+ Kh7 57. Nf8+ Kg7 58. Ne6+ Kh7 59. Rf7+
Kg6 60. Rf2 1/2-1/2

[Event "Qatar Masters Open 2014"]
[Site "Doha QAT"]
[Date "2014.11.28"]
[Round "3.62"]
[White "Mamedjarova, Zeinab"]
[Black "Aravindh, Chithambaram Vr"]
[Result "0-1"]
[WhiteElo "2241"]
[BlackElo "2485"]
[PlyCount "232"]
[EventDate "2014.11.26"]
[EventType "swiss"]
[EventRounds "9"]
[EventCountry "QAT"]
[Source "lmi"]
[SourceDate "2014.11.26"]

1. d4 Nf6 2. c4 e6 3. Nc3 d5 4. cxd5 exd5 5. Bg5 Nbd7 6. e3 c6 7. Bd3 Be7 8.
Qc2 Nf8 9. Nge2 Ne6 10. Bh4 g6 11. O-O O-O 12. Rad1 Nh5 13. Bxe7 Qxe7 14. Ng3
Nxg3 15. hxg3 Bd7 16. b4 h5 17. b5 h4 18. bxc6 bxc6 19. gxh4 Qxh4 20. f4 Ng7
21. Qf2 Qe7 22. e4 dxe4 23. Nxe4 Bf5 24. Ng5 Bxd3 25. Rxd3 f6 26. Re1 Qd7 27.
Nf3 Rae8 28. Rc1 Qf5 29. Ra3 Qxf4 30. Rxc6 Rf7 31. d5 Nf5 32. Rxa7 Rxa7 33.
Qxa7 Nh4 34. Qf2 Nxf3+ 35. gxf3 Qg5+ 36. Kh2 Qxd5 37. Qc2 Qh5+ 38. Kg3 Qg5+ 39.
Kf2 Qe3+ 40. Kg2 Qg5+ 41. Kf2 Qe3+ 42. Kg2 Kg7 43. Rc7+ Kh6 44. Qc1 Qxc1 45.
Rxc1 Re2+ 46. Kg3 Rxa2 47. Rc6 f5 48. Rc3 Ra1 49. Rb3 Kg5 50. Rb5 Rg1+ 51. Kf2
Rc1 52. Kg3 Ra1 53. Rc5 Ra6 54. Rb5 Kf6 55. Rc5 Rb6 56. Ra5 Rc6 57. Rb5 Ra6 58.
Rc5 Re6 59. Ra5 Re5 60. Ra6+ Re6 61. Ra5 Rb6 62. Rc5 g5 63. Ra5 Kg6 64. Ra3 Kh5
65. Rc3 Ra6 66. Rb3 Re6 67. Ra3 Re2 68. Ra8 Rb2 69. Rh8+ Kg6 70. Rg8+ Kh6 71.
Rh8+ Kg7 72. Ra8 Rb6 73. Ra3 Kg6 74. Rc3 Rb2 75. Rc6+ Kh5 76. Rc5 f4+ 77. Kh3
Rb3 78. Kg2 Kh4 79. Rc2 Rd3 80. Ra2 Kh5 81. Rb2 Re3 82. Ra2 Re1 83. Rb2 Re6 84.
Ra2 Re3 85. Rb2 Kg6 86. Ra2 Rd3 87. Rb2 Kf5 88. Rb5+ Kf6 89. Rb6+ Ke5 90. Rb5+
Rd5 91. Rb2 Rc5 92. Ra2 Kd4 93. Re2 Kd3 94. Re8 Rc2+ 95. Kh3 Re2 96. Ra8 Rf2
97. Kg4 Rg2+ 98. Kf5 Ke3 99. Ra3+ Kf2 100. Rb3 Rg3 101. Ke4 Kg2 102. Rb2+ Kh3
103. Rb5 Rg2 104. Kf5 Kg3 105. Rb3 Rf2 106. Ke4 Re2+ 107. Kd4 g4 108. fxg4+
Kxg4 109. Rb8 Kg3 110. Kd3 f3 111. Rg8+ Kf2 112. Rh8 Kg2 113. Rg8+ Kf1 114. Rb8
f2 115. Rb1+ Re1 116. Rb8 Kg2 0-1

[Event "Qatar Masters Open 2014"]
[Site "Doha QAT"]
[Date "2014.11.28"]
[Round "3.63"]
[White "Huang, Qian"]
[Black "Kathmale, Sameer"]
[Result "1/2-1/2"]
[WhiteElo "2464"]
[BlackElo "2267"]
[PlyCount "83"]
[EventDate "2014.11.26"]
[EventType "swiss"]
[EventRounds "9"]
[EventCountry "QAT"]
[Source "lmi"]
[SourceDate "2014.11.26"]

1. Nf3 Nf6 2. c4 c6 3. b3 d5 4. Bb2 Bf5 5. g3 e6 6. Bg2 Be7 7. O-O O-O 8. d3 h6
9. Nc3 Nbd7 10. a3 Bh7 11. b4 Re8 12. Qb3 a5 13. cxd5 exd5 14. b5 Nc5 15. Qc2
Rc8 16. bxc6 bxc6 17. Na4 Ne6 18. Bc3 Nd7 19. Qd2 Ra8 20. Nd4 Nxd4 21. Bxd4 Bf6
22. Bxf6 Qxf6 23. Rfe1 Qd4 24. Qf4 Qxf4 25. gxf4 Rab8 26. Bf1 Nf8 27. Rec1 Ne6
28. e3 d4 29. Rxc6 dxe3 30. fxe3 Rb3 31. Rc3 Rxc3 32. Nxc3 Nc5 33. e4 f5 34. e5
Ne6 35. Ne2 Rd8 36. Rd1 g5 37. d4 Bg6 38. Rd3 Bh5 39. fxg5 Bxe2 40. Bxe2 Nxd4
41. Kf2 hxg5 42. Rg3 1/2-1/2

[Event "Qatar Masters Open 2014"]
[Site "Doha QAT"]
[Date "2014.11.28"]
[Round "3.64"]
[White "Sundararajan, Kidambi"]
[Black "Konguvel, Ponnuswamy"]
[Result "1/2-1/2"]
[WhiteElo "2415"]
[BlackElo "2347"]
[PlyCount "73"]
[EventDate "2014.11.26"]
[EventType "swiss"]
[EventRounds "9"]
[EventCountry "QAT"]
[Source "lmi"]
[SourceDate "2014.11.26"]

1. Nf3 g6 2. g3 Bg7 3. d4 Nf6 4. Bg2 O-O 5. O-O d6 6. c4 Nbd7 7. Nc3 e5 8. e4
exd4 9. Nxd4 Nc5 10. Re1 Re8 11. h3 Bd7 12. Bf4 a6 13. Rc1 h6 14. b4 Ne6 15.
Nxe6 Bxe6 16. c5 g5 17. Be3 dxc5 18. Qxd8 Raxd8 19. bxc5 Bd7 20. Red1 Bc6 21.
Nd5 Rd7 22. Nxf6+ Bxf6 23. Rxd7 Bxd7 24. f4 gxf4 25. gxf4 Bf5 26. e5 c6 27. Rc3
Bd8 28. Bf2 f6 29. Rb3 Re7 30. Bh4 Rd7 31. Bxf6 Bxf6 32. exf6 Kf7 33. Kf2 Kxf6
34. Ke3 Re7+ 35. Kf2 Rd7 36. Ke3 Re7+ 37. Kf2 1/2-1/2

[Event "Qatar Masters Open 2014"]
[Site "Doha QAT"]
[Date "2014.11.28"]
[Round "3.65"]
[White "Kochetkova, Julia"]
[Black "Nezad, Husein Aziz"]
[Result "0-1"]
[WhiteElo "2345"]
[BlackElo "2396"]
[PlyCount "86"]
[EventDate "2014.11.26"]
[EventType "swiss"]
[EventRounds "9"]
[EventCountry "QAT"]
[Source "lmi"]
[SourceDate "2014.11.26"]

1. e4 e5 2. Nf3 Nc6 3. Bb5 g6 4. d4 exd4 5. Bg5 Be7 6. Bxe7 Ngxe7 7. Nxd4 O-O
8. Nc3 d6 9. O-O Bd7 10. a4 Re8 11. Qd2 Nxd4 12. Qxd4 Nc6 13. Qd2 a6 14. Be2
Be6 15. Ra3 Qf6 16. Nd5 Bxd5 17. exd5 Ne5 18. Rb3 b6 19. Rc3 Ra7 20. Rg3 Nd7
21. b4 Re7 22. f4 Ra8 23. f5 Qe5 24. fxg6 hxg6 25. Bg4 Nf8 26. Qf2 a5 27. b5
Rae8 28. Qd2 Qg7 29. h4 Re4 30. c3 Qe5 31. Rff3 Rxa4 32. Re3 Re4 33. Rxe4 Qxe4
34. Qh6 Qe1+ 35. Kh2 Qe5 36. h5 Qg7 37. Qf4 Qe5 38. Qh6 Qg7 39. Qf4 Re5 40. Qc4
Rg5 41. hxg6 Rxg6 42. Qxc7 Qe5 43. Qc8 a4 0-1

[Event "Qatar Masters Open 2014"]
[Site "Doha QAT"]
[Date "2014.11.28"]
[Round "3.67"]
[White "Bologan, Viktor"]
[Black "Gholami, Aryan"]
[Result "0-1"]
[WhiteElo "2643"]
[BlackElo "2333"]
[PlyCount "76"]
[EventDate "2014.11.26"]
[EventType "swiss"]
[EventRounds "9"]
[EventCountry "QAT"]
[Source "lmi"]
[SourceDate "2014.11.26"]

1. e4 c5 2. Nf3 e6 3. d3 Nc6 4. g3 g6 5. Bg2 Bg7 6. c3 d5 7. Qe2 Nf6 8. O-O O-O
9. Na3 b6 10. e5 Nd7 11. d4 a5 12. Bg5 Ba6 13. Qe3 Ne7 14. Rfc1 h6 15. Bxh6 Nf5
16. Bg5 f6 17. exf6 Nxe3 18. fxg7 Rf6 19. fxe3 Qe8 20. Bxf6 Nxf6 21. c4 Kxg7
22. Rc3 dxc4 23. Nxc4 Nd5 24. Rcc1 Bxc4 25. Rxc4 Nxe3 26. Rc3 Nxg2 27. Rac1
cxd4 28. Rc7+ Kg8 29. Kxg2 d3 30. Kf2 Rd8 31. Ke3 Qf8 32. h4 e5 33. Ng5 d2 34.
Rd1 Qd6 35. Rc3 Qd4+ 36. Kf3 Rf8+ 37. Kg2 Qf2+ 38. Kh3 Qe2 0-1